The tools of a stock market: conception and classification; Информационные технологии в науке, управлении, социальной сфере и медицине; Ч. 2
| Parent link: | Информационные технологии в науке, управлении, социальной сфере и медицине: сборник научных трудов Международной конференции с международным участием , 29 апреля - 2 мая 2014 г., Томск/ Национальный исследовательский Томский политехнический университет (ТПУ).— , 2014 Ч. 2.— 2014.— [P. 202-204] |
|---|---|
| Yazar: | |
| Kurumsal yazarlar: | , |
| Diğer Yazarlar: | , |
| Özet: | Заглавие с титульного экрана This article is devoted to different types of financial tools used in a stock market of Russia. Also in this article there is adescriptionof a new financial tool such as structured products. Special attention is paid to classification of structured products. |
| Dil: | İngilizce |
| Baskı/Yayın Bilgisi: |
2014
|
| Seri Bilgileri: | Информационные технологии в финансовой сфере и маркетинге |
| Konular: | |
| Online Erişim: | http://www.lib.tpu.ru/fulltext/c/2014/C24/V2/078.pdf |
| Materyal Türü: | MixedMaterials Elektronik Kitap Bölümü |
| KOHA link: | https://koha.lib.tpu.ru/cgi-bin/koha/opac-detail.pl?biblionumber=608127 |
MARC
| LEADER | 00000naa2a2200000 4500 | ||
|---|---|---|---|
| 001 | 608127 | ||
| 005 | 20260317160021.0 | ||
| 035 | |a (RuTPU)RU\TPU\conf\5557 | ||
| 035 | |a RU\TPU\conf\5556 | ||
| 090 | |a 608127 | ||
| 100 | |a 20140917d2014 k||y0rusy50 ba | ||
| 101 | 0 | |a eng | |
| 102 | |a RU | ||
| 135 | |a drgn ---uucaa | ||
| 181 | 0 | |a i | |
| 182 | 0 | |a b | |
| 200 | 1 | |a The tools of a stock market: conception and classification |f E. S. Koptelova, I. S. Antonova, L. G. Averkieva | |
| 203 | |a Текст |c электронный | ||
| 225 | 1 | |a Информационные технологии в финансовой сфере и маркетинге | |
| 300 | |a Заглавие с титульного экрана | ||
| 320 | |a [Ref.: p. 203-204 (6 tit.)] | ||
| 330 | |a This article is devoted to different types of financial tools used in a stock market of Russia. Also in this article there is adescriptionof a new financial tool such as structured products. Special attention is paid to classification of structured products. | ||
| 337 | |a Adobe Reader | ||
| 461 | 1 | |0 (RuTPU)RU\TPU\conf\4263 |t Информационные технологии в науке, управлении, социальной сфере и медицине |o сборник научных трудов Международной конференции с международным участием , 29 апреля - 2 мая 2014 г., Томск |o в 2 ч. |f Национальный исследовательский Томский политехнический университет (ТПУ) |d 2014 | |
| 463 | 1 | |0 (RuTPU)RU\TPU\conf\4265 |t Ч. 2 |v [P. 202-204] |d 2014 | |
| 610 | 1 | |a труды учёных ТПУ | |
| 610 | 1 | |a электронные ресурсы | |
| 610 | 1 | |a фондовые рынки | |
| 610 | 1 | |a финансовые инструменты | |
| 610 | 1 | |a структурированные продукты | |
| 610 | 1 | |a классификация | |
| 700 | 1 | |a Koptelova |b E. S. | |
| 701 | 1 | |a Antonova |b I. S. |c specialist in the field of management |c Associate Professor of Tomsk Polytechnic University, Candidate of economic sciences |f 1985- |g Irina Sergeevna |3 (RuTPU)RU\TPU\pers\31961 |9 16021 | |
| 701 | 1 | |a Averkieva |b L. G. |c linguist |c Senior Lecturer of Tomsk Polytechnic University |f 1973- |g Lyubov Gennadievna |3 (RuTPU)RU\TPU\pers\31001 |9 15231 | |
| 712 | 0 | 2 | |a Национальный исследовательский Томский политехнический университет (ТПУ) |b Институт социально-гуманитарных технологий (ИСГТ) |b Кафедра менеджмента (МЕН) |3 (RuTPU)RU\TPU\col\18855 |
| 712 | 0 | 2 | |a Национальный исследовательский Томский политехнический университет (ТПУ) |b Институт социально-гуманитарных технологий (ИСГТ) |b Кафедра иностранных языков (ИЯСГТ) |3 (RuTPU)RU\TPU\col\18376 |
| 801 | 2 | |a RU |b 63413507 |c 20140917 |g RCR | |
| 856 | 4 | |u http://www.lib.tpu.ru/fulltext/c/2014/C24/V2/078.pdf | |
| 942 | |c BK | ||